| 000 | 00893pam a2200241 a 4500 | ||
|---|---|---|---|
| 001 | 3450904 | ||
| 005 | 20180109044241.0 | ||
| 008 | 920813s1992 caua b 001 0 eng | ||
| 010 | _a 92032746 | ||
| 020 | _a1565930509 | ||
| 040 |
_aDLC _cDLC _dDLC |
||
| 041 | _aeng | ||
| 080 | _a616.85.503 VON | ||
| 082 | 0 | 0 |
_a616.85.503 VON _220 |
| 100 | 1 | _a8 | |
| 101 | _aPAT | ||
| 245 | 1 | 0 |
_aIntroduction to symbolic and augmentative communication / _cStephen von Tetzchner and Harald Martinsen ; translated by Kevin M.J. Quirk. |
| 504 | _aIncludes bibliographical references (p. 237-252) and index. | ||
| 740 | 0 | _aSymbolic and augmentative communication. | |
| 906 |
_a7 _bcbc _corignew _d1 _eocip _f19 _gy-gencatlg |
||
| 942 |
_2ddc _cBK |
||
| 999 |
_c39880 _d39880 |
||